Obras selectas de Platón (Registro nro. 15959)

000 -CABECERA
campo de control de longitud fija 01322nam a22002177a 4500
003 - IDENTIFICADOR DEL NÚMERO DE CONTROL
campo de control OSt
005 - FECHA Y HORA DE LA ÚLTIMA TRANSACCIÓN
campo de control 20250512232620.0
008 - DATOS DE LONGITUD FIJA--INFORMACIÓN GENERAL
campo de control de longitud fija 250512b ||||| |||| 00| 0 spa d
020 ## - NÚMERO INTERNACIONAL ESTÁNDAR DEL LIBRO
Número Internacional Estándar del Libro 9788412188851
040 ## - FUENTE DE LA CATALOGACIÓN
Centro/agencia transcriptor CO-Mq BPB
041 ## - CÓDIGO DE LENGUA
Código de lengua del texto/banda sonora o título independiente spa
082 ## - NÚMERO DE LA CLASIFICACIÓN DECIMAL DEWEY
Número de clasificación 184.1
Número de documento/Ítem P41o
245 ## - MENCIÓN DE TÍTULO
Título Obras selectas de Platón
264 ## - PRODUCCIÓN, PUBLICACIÓN, DISTRIBUCIÓN, FABRICACIÓN Y COPYRIGHT
Producción, publicación, distribución, fabricación y copyright Madrid, España;
Nombre del de productor, editor, distribuidor, fabricante Alba libros,
Fecha de producción, publicación, distribución, fabricación o copyright 2021
300 ## - DESCRIPCIÓN FÍSICA
Extensión 479 páginas
Otras características físicas Tapa dura
Dimensiones 23 cm
521 ## - NOTA DE PÚBLICO DESTINATARIO
Nota de público destinatario El ateniense Platón, 427 o 428-347 a.C. está considerado como el padre de la filosofía occidental. Creador de mitos de importancia capital, como el de la caverna, a él le debemos, también, conceptos tan fundamentales como los de Justicia, Verdad, Belleza o Bien. Su obra, siempre de perenne actualidad, nos presenta un relato en ocasiones irónico, siempre inteligente, con imágenes a menudo poéticas e incluso con sutiles toques de erotismo, sin que falten agudas e intrincadas disquisiciones que ponen a prueba la comprensión e inteligencia de los lectores sobre aspectos claves del pensamiento. <br/><br/>En este volumen presentamos una cuidada selección de sus mejores obras, imprescindibles para entender la evolución y el desarrollo del pensamiento humano a lo largo de los siglos.
650 ## - PUNTO DE ACCESO ADICIONAL DE MATERIA--TÉRMINO DE MATERIA
Término de materia o nombre geográfico como elemento de entrada Filosofía
650 ## - PUNTO DE ACCESO ADICIONAL DE MATERIA--TÉRMINO DE MATERIA
Término de materia o nombre geográfico como elemento de entrada Platonismo
650 ## - PUNTO DE ACCESO ADICIONAL DE MATERIA--TÉRMINO DE MATERIA
Término de materia o nombre geográfico como elemento de entrada Filósofos Antiguos
942 ## - ELEMENTOS DE PUNTO DE ACCESO ADICIONAL (KOHA)
Fuente del sistema de clasificación o colocación
Tipo de ítem Koha Libro
Existencias
Estado de retiro Estado de pérdida Fuente del sistema de clasificación o colocación Estado dañado No para préstamo Código de colección Localización permanente Ubicación/localización actual Ubicación en estantería Fecha de adquisición Fuente de adquisición Número de inventario Total de préstamos Renovaciones totales Signatura topográfica completa Código de barras En préstamo Fecha visto por última vez Fecha del último préstamo Número de copia Precio válido a partir de Tipo de ítem Koha Nota pública
          Colección General Biblioteca Pública San Juan Bosco Biblioteca Pública San Juan Bosco Colección General 12/05/2025 Compra 2024 NT 3 3 184.1 P41o MOS504450 13/03/2026 05/03/2026 05/03/2026 Ej.1 12/05/2025 Libro Quince dias

© Todos los derechos reservados para la Biblioteca Pública Municipal San Juan Bosco, 2020
Secretaria de Cultura de Mosquera
Carrera 3 N° 10 Esquina Centro Cultural Barrio El Carmén Teléfono: 8270830 Ext: 34
Funcionando con KOHA
Contacto: Biblioteca Pública Municipal San Juan Bosco/ bibliotecasanjuanbosco@mosquera-cundinamarca.gov.co
Mosquera, Cundinamarca